|
|
|
|
| LEADER |
00000nab a2200000 a 4500 |
| 001 |
vtls008956413 |
| 003 |
SK-MaSNL |
| 005 |
20260426063115.0 |
| 008 |
180405 1977 xo | 000 0 slo |
| 015 |
|
|
|a SNBRB1977
|
| 040 |
|
|
|a SNKBUCL
|b slo
|c SNKBUCL
|e AACR2
|
| 041 |
0 |
|
|a slo
|
| 044 |
|
|
|a xo
|c SK
|
| 080 |
|
|
|a 94(437.6)"1945"
|2 2001
|
| 080 |
|
|
|a 94(100)"1939/1945"
|2 2001
|
| 245 |
0 |
0 |
|a Jedičná vojenská operácia
|b Oslobodenie Bratislavy, r. 1945
|c [Autor] -jt-
|
| 648 |
|
7 |
|a 1945
|2 snkbucl
|9 287702
|
| 650 |
0 |
7 |
|a druhá svetová vojna (1939-1945)
|2 snkbucl
|9 169657
|
| 651 |
|
7 |
|a Bratislava (Slovensko)
|2 snkbucl
|9 14568
|
| 773 |
0 |
|
|t Sloboda
|g Roč. 32, č. 13 (1977), s. 7
|
| 999 |
|
|
|c 2552713
|d 2554643
|